00501nam a22001457a 450000500170000000800410001708200190005810000120007724500830008926000590017230000110023150000920024294200060033499900150034020241218035945.0241218b |||||||| |||| 00| 0 eng d 2DANa6995b305 aBass, D aMalaiyaha (Up-Country) Tamil Identity and Politics in the Twenty First Century aColombobInternational Centre for Ethnic Studiesc2000 a16 p., aA research on the significant political and social strides made by the Malaiyaha Tamils cL c5939d5939